Ecoturismo: nuevas formas de turismo en el espacio rural

Gespeichert in:
Bibliographische Detailangaben
1. Verfasser: Reguero Oxinalde, Miguel del (VerfasserIn)
Format: Buch
Sprache:Spanisch
Veröffentlicht: Barcelona Bosch 1994
Ausgabe:1a. ed
Schriftenreihe:Colección Bosch Turismo
Schlagworte:
Tags: Tag hinzufügen
Keine Tags, Fügen Sie den ersten Tag hinzu!

MARC

LEADER 00000nam a2200000 a 4500
001 UCM0801
003 CL-VaPUC
008 020315e19940000SP |||||||||||||||||spa|d
020 |a 8476762860 
082 0 4 |a 338.4791  |b REG  |2 21 
100 0 |a Reguero Oxinalde, Miguel del  |e author  |9 467787 
245 1 0 |a Ecoturismo: nuevas formas de turismo en el espacio rural 
250 |a 1a. ed 
300 |a 310 p 
942 |c BK 
945 |d 20020315 00:00:00  |a vberengu 
260 |a Barcelona  |b Bosch  |c 1994 
500 |a ALGUNOS EJEMPLARES EN INST.DE GEOGRAFIA POR PROY.MINEDUC 
650 0 |a Ecoturismo  |9 427332 
650 0 |a Turismo  |9 308920 
650 0 |a Turismo rural  |9 465355 
650 0 |a Agroturismo  |9 467788 
651 0 |a España  |9 254926 
651 7 |a ISLAS CANARIAS  |2 CL-VaPUC  |9 401326 
651 0 |a Francia  |9 255157 
583 |a last modification  |c 20140410 07:12:50  |k Rodrigo Vera 
490 0 |a Colección Bosch Turismo 
999 |c 299621  |d 299619 
952 |0 0  |1 0  |4 0  |6 338_479100000000000_REG_1994  |7 0  |8 A  |9 356355  |a BIBING  |b BIBING  |d 2019-11-21  |i 3796914  |o 338.4791 REG 1994  |p 3796914  |r 2025-01-20  |w 2019-11-21  |y BK  |k GEO 
952 |0 0  |1 0  |4 0  |6 338_479100000000000_REG_1994  |7 0  |8 A  |9 356357  |a BIBING  |b BIBING  |d 2019-11-21  |i 4658701  |o 338.4791 REG 1994  |p 4658701  |r 2025-01-20  |w 2019-11-21  |y BK  |k GEO